000 01911nam a2200493 a 4500
001 85785
003 BD-RjUL
005 20251006114101.0
008 251006s1954 fr ar i0 0eng
035 _a(BD-RjUL)85785
040 _aDLC
_beng
_cMUL
_dCOO
_dOCL
_dRCS
_dDLC
_dBD-RjUL
041 0 _aeng
_afre
_aspa
082 _223
_a346.0482
_bCOP 1954
130 0 _aCopyright bulletin (Paris, France : 1948)
_917048
245 1 0 _aCopyright bulletin =
_bBulletin du droit d'auteur /
_cUNESCO
246 3 1 _aBulletin du droit d'auteur
260 _aParis :
_bUNESCO,
_c1954.
300 _avolumes :
_billustrations, maps ;
_c25 cm
321 _aQuarterly,
_b1948-1952
321 _aSemiannual,
_b1953-1964
336 _atext
_btxt
_2rdacontent
337 _aunmediated
_bn
_2rdamedia
338 _avolume
_bnc
_2rdacarrier
490 1 _aUnesco publication
_vVols. 7, no. 2:
500 _aTitle varies slightly.
505 0 1 _aVol.7, no.2
580 _aBeginning in 1967, split into three separate publications: Copyright bulletin; Bulletin de droit d'auteur; and: Boletín de derecho de autor.
588 0 _aVol. 1, no. 1 (July 1948).
650 0 _aCopyright
_vPeriodicals.
_917049
650 0 _aCopyright, International
_vPeriodicals.
_917050
650 6 _aDroit d'auteur
_vPériodiques.
_917051
650 6 _aDroit d'auteur international
_vPériodiques.
_917052
650 7 _aCopyright.
_2fast
_0(OCoLC)fst00878706
_917053
650 7 _aCopyright, International.
_2fast
_0(OCoLC)fst00878799
_917054
650 7 _aCopyright, International
_vPeriodicals
_2nli
_917050
650 7 _aPeriodicals
_2nli
710 2 _aUnesco.
_bCopyright Division.
_917055
830 0 _aUnesco publication.
_vVols. 7, no. 2:
_917056
942 _2ddc
_cBK
999 _c85785
_d85785